[Event "Olympiad-43"]
[Site "Batumi"]
[Date "2018.09.27"]
[Round "4.1"]
[White "Tran, Tuan Minh"]
[Black "Edouard, Romain"]
[Result "1/2-1/2"]
[WhiteElo "2491"]
[BlackElo "2646"]
[Annotator "Edouard,R"]
[PlyCount "81"]
[EventDate "2018.09.24"]
[EventType "team-swiss"]
[EventRounds "11"]
[EventCountry "GEO"]
[SourceTitle "CBM 187"]
[Source "ChessBase"]
[SourceDate "2018.12.11"]
[SourceVersion "1"]
[SourceVersionDate "2018.12.11"]
[SourceQuality "1"]
[WhiteTeam "Vietnam"]
[BlackTeam "France"]
[WhiteTeamCountry "VIE"]
[BlackTeamCountry "FRA"]

1. d4 Nf6 2. c4 e6 3. Nf3 d5 4. Nc3 c5 5. cxd5 cxd4 $5 {A solid variation
popularized by Kramnik, which I have played like 15 times since then!} 6. Qxd4
(6. Qa4+ Bd7 (6... b5 $5 {was some crazy try by Ivan Sokolov, who beat GM
Jakovenko impressively easily. After either capture on b5 Black answers ...Bd7,
with heavy complications I've never looked into!}) 7. Qxd4 exd5 8. Bg5 (8. Nxd5
Qa5+ 9. Nc3 Nc6 $44) 8... Nc6 9. Qd3 Be7 10. e3 Qa5 $5 (10... O-O $13) 11. Be2
Ne4 12. Bxe7 Nxe7 13. O-O Nxc3 14. bxc3 Rc8 15. Rfc1 O-O $11 {1-0 (48) Edouard,
R (2646)-Horvath,J (2531) France 2012 - yes, I've even played it as White once!
}) (6. Nxd4 Nxd5 7. Bd2 Bb4 $5 8. g3 $5 (8. Qc2 O-O 9. e3 e5 10. Nf3 Nc6 $132)
(8. Rc1 Nxc3 9. Bxc3 Bxc3+ 10. Rxc3 O-O 11. e3 e5 12. Nf3 Qe7 $11) (8. Nxd5
Bxd2+ 9. Qxd2 Qxd5 10. e3 O-O $11) 8... Nc6 9. Bg2 Nxd4 10. Nxd5 Bxd2+ 11. Qxd2
Nc6 12. Nf4 Qxd2+ 13. Kxd2 Bd7 14. Rhc1 Ke7 $11 {1-0 (47) Ivanchuk,V-Edouard,R
Cap d'Agde 2012}) 6... exd5 7. e4 (7. Bg5 Be7 {is pretty similar to 6.Qa4+,
except Black's bishop is on c8, and isn't very dangerous.}) (7. e3 Nc6 8. Qd1 {
even allows} g6 $1 {which is great for Black:} 9. Bd3 Bg7 10. O-O O-O 11. Bd2
Re8 12. Nb5 Ne4 13. Bc3 Nxc3 14. Nxc3 Qa5 15. Be2 Be6 16. Qd2 d4 $1 17. Nxd4
Nxd4 18. exd4 Rad8 19. Qc2 Rxd4 20. Bf3 Red8 21. Rad1 Rxd1 22. Nxd1 b5 23. Nc3
b4 {0-1 (23) Lalith,B (2579)-Edouard,R (2648) Porticcio 2016}) 7... Nc6 8. Bb5
dxe4 9. Qxd8+ Kxd8 10. Ng5 Be6 11. Nxe6+ (11. O-O {is the other critical move:}
Bb4 12. Ncxe4 Nxe4 13. Nxe4 Ke7 14. Be3 Rhd8 $1 15. Ba4 (15. Bxc6 bxc6 16. a3
Bd6 {is a draw, which I've played three times in the database, against Fier,
Istratescu and Gozzoli!}) (15. Ng5 Nd4 16. Nxe6 Nxe6 $11) (15. a3 Nd4 $1 16.
Ba6 $5 {Some little try for White, that GM Dlugy played against me.} (16. Ba4
Ba5 17. Rad1 Bb6 $11) 16... Bxa3 (16... bxa6 17. axb4 Kf8 {isn't much either})
17. Bxb7 (17. Rxa3 bxa6 18. Ra4 Nb3 $11) 17... Rab8 18. Rxa3 Rxb7 19. Nc5 (19.
Ra4 Nb3 20. Re1 a5 21. Nc5 Nxc5 22. Bxc5+ Ke8 23. Bd4 g6 24. Bc3 Ra8 25. f3 Rb5
26. Rea1 Kd7 27. Kf2 Kc6 {gave White no more than small pressure in: ½-½ (49)
Buhmann,R (2597)-Cornette,M (2548) Germany 2015}) 19... Rxb2 20. Rxa7+ Kf8 (
20... Kf6 $5 {might have been easier.}) 21. h3 {and here I went unprecise with}
Nf5 $6 22. Nxe6+ fxe6 23. Bc5+ Kg8 24. g4 {but still managed to draw after} Rb5
$132 {½-½ (49) Dlugy,M (2516)-Edouard,R (2639) Canada 2015}) 15... Kf8 16. a3
Be7 17. Nc5 Bc8 $1 {and Black forces a draw:} (17... Bxc5 $143 18. Bxc5+ Kg8
19. Rfd1 Na5 20. Rxd8+ Rxd8 21. Rd1 {was some pressure for White in: ½-½ (41)
Lenic,L (2637)-Edouard,R (2653) Poland 2013}) 18. Rfd1 Rxd1+ 19. Rxd1 Ne5 20.
Nd7+ (20. Bd4 Nc6 21. Bxc6 bxc6 22. f3 f6 $11) 20... Nxd7 21. Bxd7 Bf6 22. Bc5+
Kg8 23. b4 (23. Bxc8 Rxc8 24. Bxa7 Bxb2 25. a4 f6 26. g3 Ra8 27. Rb1 Rxa7 28.
Rxb2 Rxa4 29. Rxb7 {1/2-1/2 (31) Bogner,S (2587)-Edouard,R (2670) UAE 2014})
23... Bxd7 24. Rxd7 b6 25. Be3 Rd8 26. Rxd8+ Bxd8 27. Kf1 a6 28. a4 b5 29. axb5
axb5 {½-½ (29) Matlakov,M (2693)-Ni Hua (2704) China 2015}) 11... fxe6 12.
Bxc6 bxc6 13. Bg5 (13. Ke2 {puts a little bit of pressure on Black, but it is
very drawish:} Bb4 14. Na4 (14. Rd1+ Ke7 15. Na4 Rhd8 16. Be3 Rd5 $1 17. Rac1
Ng4 $132 {0-1 (39) Yilmaz,M (2633)-Kovalev,V (2664) Batumi 2018}) 14... Kc7 $5
15. Rd1 (15. Bf4+ Bd6 16. Be3 Nd5 $132 {½-½ (32) So,W (2808)-Wei Yi (2706)
Wijk aan Zee 2017}) 15... Rhd8 16. Bf4+ Kb7 17. Rac1 a5 $11 {½-½ (24) Lysyj,
I (2691)-Wang,Y (2726) China 2015}) 13... Bb4 14. O-O-O+ Kc7 15. Bxf6 gxf6 16.
Nxe4 f5 17. Ng5 ({After} 17. Nd2 {Ivan Sokolov and I agreed to a draw in
Saint-Quentin, 2014.}) 17... Rhe8 $5 {A nice move I remembered from my notes.}
18. Rd4 $5 (18. Nxh7 Rg8 $1 19. g3 Rg7 20. Nf6 Rh8 {is dangerous for White,
who has to find} 21. g4 $1 {to equalize:} Be7 22. g5 Bxf6 23. gxf6 Rf7 $11)
18... Bc5 19. Rf4 h6 $6 (19... Re7 $1 {was the clean way to equalize:} 20. Re1
Bd6 $1 21. Ra4 e5 $11) 20. Nf7 Be7 21. Kc2 Bf6 22. Re1 Rab8 23. Ne5 Rb5 24. Nc4
Rd5 {White has no more than a very little pressure, and not much happened
later in the game.} 25. Rf3 h5 26. Ra3 Bd4 27. f4 h4 28. Rh3 Bf6 29. b3 Kd7 30.
Rhe3 Bd4 31. Rh3 Bf6 32. Re2 Ke7 33. Ne5 Bxe5 34. fxe5 Rh8 35. Rc3 Kd7 36. Rc4
a5 37. Kb2 Kc7 38. Rec2 Rxe5 39. Rxc6+ Kd7 40. Rc7+ Kd6 41. Rg7 1/2-1/2

[Event "Reykjavik zt"]
[Site "Reykjavik"]
[Date "1995.??.??"]
[Round "4"]
[White "Hjartarson, Johann"]
[Black "Tisdall, Jonathan D"]
[Result "1/2-1/2"]
[WhiteElo "2590"]
[BlackElo "2470"]
[Annotator "Endgame-CD"]
[PlyCount "135"]
[EventDate "1995.03.??"]
[EventType "swiss"]
[EventRounds "11"]
[EventCountry "ISL"]
[SourceTitle "CBM 047"]
[Source "ChessBase"]
[SourceDate "1995.08.01"]
[SourceVersion "1"]
[SourceVersionDate "1995.08.01"]
[SourceQuality "1"]

1. c4 c6 2. e4 d5 3. exd5 cxd5 4. cxd5 Nf6 5. Nc3 Nxd5 6. Nf3 e6 7. d4 Be7 8.
Bc4 Nc6 9. O-O a6 10. Re1 O-O 11. Bb3 b5 12. Ne4 Bb7 13. a3 Rc8 14. Ba2 Nf6 15.
Nc5 Bxc5 16. dxc5 Qxd1 17. Rxd1 Ne7 18. b4 Bxf3 19. gxf3 Nfd5 20. Bg5 f6 21.
Bd2 Rfd8 22. Re1 Kf7 23. Re4 f5 24. Ree1 h6 25. Rad1 Nc6 26. Bc1 Ra8 27. Bb2 a5
28. bxa5 Rxa5 29. Bb3 Raa8 30. Rd3 Na5 31. Be5 Nc4 32. Bxc4 bxc4 33. Rd4 c3 34.
Rb1 c2 35. Rc1 Rxa3 36. Rxc2 Rc8 37. f4 g5 38. fxg5 hxg5 39. c6 Ra1+ 40. Kg2
Re1 41. Bd6 Ra1 42. c7 Ke8 43. Re2 Kd7 44. Be5 Rc1 45. h4 gxh4 46. Rxh4 Nxc7
47. Rh7+ Kc6 48. Re7 Rc5 49. Bxc7 Rxc7 50. R7xe6+ Kd7 51. Rf6 Rc2 52. Re5 (52.
Rxc2 Rxc2 53. Kf3 f4 54. Rxf4 $10) 52... R2c5 53. Rfxf5 Rxe5 54. Rxe5 $10 Kd6
55. Re4 Rf7 56. Kg3 Rf6 57. f3 Rf8 58. f4 Rg8+ 59. Kh4 Kd5 60. Re5+ Kd6 61. Re1
Rh8+ 62. Kg4 Rg8+ 63. Kf3 Rf8 64. Re5 Kd7 65. Kg4 Kd6 $1 (65... Rg8+ $1 $10) (
65... Rf7 $4 66. Kg5 $18) 66. Re4 Kd5 $1 $8 67. Re7 Kd6 $1 (67... Rg8+ $1 $10)
68. Re5 1/2-1/2

[Event "ISR-chT"]
[Site "Ramat Aviv"]
[Date "2000.03.17"]
[Round "6.2"]
[White "Manor, Ilan"]
[Black "Zak, Uriel"]
[Result "0-1"]
[WhiteElo "2504"]
[BlackElo "2341"]
[Annotator "Finkel,A"]
[PlyCount "44"]
[EventDate "2000.01.14"]
[EventType "team"]
[EventRounds "11"]
[EventCountry "ISR"]
[SourceTitle "CBM 077"]
[Source "ChessBase"]
[SourceDate "2000.07.27"]
[SourceVersion "1"]
[SourceVersionDate "2000.07.27"]
[SourceQuality "1"]
[WhiteTeam "Tel Aviv Ironi"]
[BlackTeam "Maccabi Afek"]
[WhiteTeamCountry "ISR"]
[BlackTeamCountry "ISR"]

1. Nf3 Nf6 2. c4 e6 3. Nc3 d5 4. d4 c5 5. cxd5 cxd4 6. Qa4+ Bd7 7. Qxd4 exd5 8.
Nxd5 Qa5+ 9. Nc3 Nc6 (9... Bc5 $5 10. Qd1 (10. Qh4 $5 Na6 (10... Nc6 11. Bd2
O-O 12. e3 Nb4 13. Rc1 Bf5 14. Nb5 $1 $16) 11. Bd2 Qb6 12. e3 O-O (12... Qxb2)
13. Bc4 Qxb2 14. O-O (14. Rb1 Qc2 15. Rxb7 Bc6 $132 16. Bxa6 Bxb7 17. Bxb7 Rab8
$36 18. Be4 $2 Nxe4 19. Qxe4 Rb1+ $17) 14... Bc6 15. e4 $5 $36 {Gurevich,
M-Barsov,A/Vlissingen HZ-op 1997}) 10... Ne4 11. e3 Bb4 12. Bd2 Nxc3 13. bxc3
Bxc3 14. Rc1 Bxd2+ 15. Qxd2 Qxd2+ 16. Kxd2 Nc6 $10) 10. Qd1 O-O-O $44 {It's
clear that black has sufficient compensation for the lack of pawn and white
has to be very careful.} (10... Ne4 11. Bd2 Nxd2 12. Qxd2 O-O-O 13. Nd5 Be6 14.
Qxa5 Nxa5 15. Rc1+ Kb8 16. Nc3 Bb4 $44 {Neuman,P-Pedersen,N/Plzen KB opJ-A 1997
}) 11. Bd2 Bg4 (11... Qf5 $6 12. e3 Kb8 13. Rc1 g5 14. Qc2 Qg4 15. Nb5 Nd5 16.
Qc4 $16 {Kolar,J-Bazant,P/Plzen KB opJ-A 1997}) 12. h3 $6 {In such kind of
positions the value of every move is very high,that's why white's inaccuracy
causes to serious troubles.} (12. e3 Bb4 13. Be2 Bxf3 14. gxf3 Bxc3 15. bxc3
Rd6 16. Qc2 Rhd8 $44 {Gonzalez Garcia,J-Cifuentes Parada,R/El Vendrell 1996})
12... Bxf3 13. gxf3 Bb4 {[%cal Gd8d1]} 14. h4 $6 {Beshop has nothing to do on
h3 and another lost tempo becomes crucial.} (14. e3 Nd5 $5 (14... Rd7) 15. Qc2
Rhe8 16. Be2 Nf4 $1 {[%cal Ge8e1]} 17. Rd1 (17. exf4 $2 Nd4 18. Qc1 Nxf3+ 19.
Kf1 Nxd2+ $17) 17... Nxe2 18. Nxe2 Bxd2+ 19. Rxd2 Rxd2 20. Qxd2 Qxa2 $15) 14...
Rhe8 15. Bh3+ Kb8 16. Kf1 (16. Bf4+ Ka8 17. Qc1 Nd5 18. Bd2 Nd4 $19) 16... Nd5
$1 17. Qc1 Nd4 $19 {[%csl Re2,Rf3]} 18. Bf4+ Ka8 19. Nxd5 (19. Be3 Nxc3 20.
bxc3 Bxc3 21. Rb1 Qxa2 $19) 19... Qxd5 20. e4 Qb5+ 21. Kg2 Ne2 22. Qe3 Bc5 {
[%csl Rf4]} 0-1

[Event "Hoogovens op"]
[Site "Wijk aan Zee"]
[Date "1993.01.??"]
[Round "5"]
[White "Lputian, Smbat G"]
[Black "Cifuentes Parada, Roberto"]
[Result "1/2-1/2"]
[WhiteElo "2610"]
[BlackElo "2480"]
[Annotator "Ftacnik,L"]
[PlyCount "83"]
[EventDate "1993.01.??"]
[EventType "swiss"]
[EventRounds "12"]
[EventCountry "NED"]
[SourceTitle "CBM 034"]
[Source "ChessBase"]
[SourceDate "1993.06.01"]
[SourceVersion "1"]
[SourceVersionDate "1993.06.01"]
[SourceQuality "1"]

1. d4 d5 2. c4 e6 3. Nc3 Nf6 4. cxd5 Nxd5 5. e4 Nxc3 6. bxc3 c5 7. Nf3 cxd4 8.
cxd4 Bb4+ 9. Bd2 Bxd2+ 10. Qxd2 O-O 11. Bc4 Nc6 12. O-O b6 13. Rad1 Bb7 14. Qf4
Qf6 $146 (14... Rc8) 15. Qc7 (15. Qg3 Rfd8) 15... Na5 (15... Qe7 16. Qxe7 Nxe7
17. d5 exd5 18. exd5 Nf5 19. d6 (19. Bb5 $5) 19... Bxf3 20. gxf3 Rfd8 21. d7 a6
$1 $10) 16. Bd3 h6 (16... Rac8 $5 17. Qg3 Nc4 18. e5 Qh6 19. Ng5 g6 $13) 17.
Qg3 Rfd8 18. d5 $1 exd5 19. e5 Qe7 20. Rfe1 (20. Nd4 Qg5 $1) 20... Nc4 21. h4 (
21. Bb1 $1 {/\ Rd4}) 21... Nb2 22. Nd4 Nxd1 23. Nf5 Qf8 24. e6 $1 (24. Rxd1 Kh8
$13) 24... fxe6 25. Rxe6 Re8 26. Qg6 (26. Nxh6+ Kh8 27. Qg6 Qxf2+ 28. Kh2 Qxh4+
$10) 26... Kh8 $1 $8 27. Ng3 (27. Ne7 Qxf2+ 28. Kh2 Qxh4+ $10) 27... Qg8 28.
Rf6 $5 Re1+ (28... Rf8 29. Nh5 Rae8 30. Qxh6+ gxh6 31. Rxh6+ Qh7 32. Rxh7+ Kg8
33. Rg7+ $10) 29. Kh2 Re4 30. Rf7 Rf8 $1 (30... Bc6 31. Nf5 Be8 32. Nxh6 $1)
31. Rxb7 Rf6 (31... Nxf2 32. Bxe4 Nxe4 33. Nh5 Qh7 34. Qxh7+ Kxh7 35. Rxg7+ Kh8
36. Rxa7 Rd8 37. Nf4 $14) 32. Bxe4 $1 dxe4 (32... Rxg6 33. Bxg6 Nxf2 34. Nf5
Ng4+ 35. Kh3 Nf6 36. Ne7 Qe6+ 37. Bf5 Qe3+ 38. g3 g5 39. Ng6+ Kg8 40. Ne7+ Kf8
41. Ng6+ Ke8 42. Rb8+ Kf7 43. Rb7+ $10) 33. Qxe4 Nxf2 34. Qe7 Ng4+ 35. Kh3 (35.
Kg1 $2 Re6 $1) 35... Nf2+ 36. Kh2 Ng4+ 37. Kh3 Nf2+ 38. Kh2 Ng4+ 39. Kh3 Nf2+
40. Kh2 Ng4+ 41. Kh3 Nf2+ 42. Kh2 1/2-1/2

[Event "Helsinki op"]
[Site "Helsinki"]
[Date "1992.??.??"]
[Round "5"]
[White "Savchenko, Stanislav"]
[Black "Sturua, Zurab"]
[Result "1/2-1/2"]
[WhiteElo "2505"]
[BlackElo "2545"]
[Annotator "Ftacnik,L"]
[PlyCount "110"]
[EventDate "1992.09.??"]
[EventType "swiss"]
[EventRounds "9"]
[EventCountry "FIN"]
[SourceTitle "CBM 032"]
[Source "ChessBase"]
[SourceDate "1993.02.01"]
[SourceVersion "1"]
[SourceVersionDate "1993.02.01"]
[SourceQuality "1"]

1. Nf3 Nf6 2. c4 c5 3. Nc3 e6 4. g3 Nc6 5. Bg2 d5 6. cxd5 Nxd5 7. O-O Be7 8. d4
O-O 9. e4 Ndb4 10. a3 cxd4 11. axb4 dxc3 12. bxc3 b6 13. Bf4 Bb7 14. Qb3 (14.
Qe2 Qc8 15. h4 a5 16. b5 Nb8 17. Ne5 a4 18. Nc4 Qc5 19. Be3 Qxb5 20. Rfb1 Qc6
21. Nxb6 Ra6 22. Rxa4 Rxa4 23. Nxa4 Nd7 24. Qb5 Qxb5 25. Rxb5 Bc6 26. Ra5 $14 {
Garcia,G-Chandler,M/Bochum/1981/}) 14... Qc8 (14... a5 15. Rfd1 Qc8 16. b5 Nb8
17. Ne5 Ra7 18. Bh3 Ba8 19. Nxf7 Kxf7 20. Bxb8 Qxb8 21. Qxe6+ Ke8 22. Rd7 Rxd7
23. Qxd7+ Kf7 24. Qe6+ Ke8 25. Qd7+ Kf7 {Adorjan,A-Tarjan,J/Riga izt/1979/})
15. Nd2 $146 (15. Rfd1 Rd8 16. Nd4 a5 (16... a6 $10 {Polugaevsky,L-Radulov,I/
Skara EUtch/1980/}) 17. bxa5 bxa5 18. Rab1 Rd7 19. Nb5 a4 20. Qa2 Ra5 21. Bf3
Rxd1+ 22. Bxd1 Na7 23. Nd6 Bxd6 24. Bxd6 Nb5 25. Bb4 Ra8 26. Qc2 $15 {Sunye
Neto,J-Alburt,L/Hastings/1981/}) 15... Rd8 16. Rfd1 Rd3 17. Qc4 (17. b5 $2 Nd4
$1) 17... Qd8 18. Bf1 Rd7 19. Qe2 Bf6 (19... a6 20. Nc4 $1) (19... Bg5 20. Bxg5
Qxg5 21. f4 Qe7 22. Nc4 Rxd1 23. Rxd1 Rd8 $10) 20. e5 Bg5 (20... Nxe5 $2 21.
Bxe5 Bxe5 22. Qxe5 Rxd2 23. Rxd2 Qxd2 24. Rxa7 $1 $18) 21. Bxg5 Qxg5 22. Ne4 $1
Rxd1 23. Rxd1 (23. Nxg5 Rxa1 24. Qh5 Nxe5 25. Qxh7+ Kf8 26. Qh8+ Ke7 27. Qxg7
Nf3+ 28. Nxf3 Bxf3 29. Qg5+ $14) 23... Qe7 (23... Qxe5 $2 24. Nd6 Qxe2 25. Bxe2
Rb8 (25... Nd8 26. Nxb7 Nxb7 27. Bf3 Rb8 28. Bxb7 Rxb7 29. Rd8#) 26. Nxb7 Rxb7
27. Bf3 Rc7 28. Bxc6 Rxc6 29. Rd8#) 24. Nd6 Rf8 25. Nxb7 Qxb7 26. Bg2 Qc8 27.
Qb5 (27. Rd6 Ne7 28. Qd3 $16) 27... Ne7 28. Qd7 Nd5 $1 29. Qxc8 Rxc8 30. Bxd5
exd5 31. Rxd5 h5 32. Rd3 a5 $1 33. Rd6 (33. bxa5 bxa5 34. Rd5 Rxc3 35. Rxa5 $14
) 33... Rxc3 34. Rxb6 axb4 35. Rxb4 Rc1+ 36. Kg2 Re1 37. Rb5 Kh7 38. h3 (38. e6
Rxe6 39. Rxh5+ Kg8 $14) 38... g6 39. Kf3 Kg7 40. Kf4 Re2 41. f3 Rh2 42. Rb7 Kg8
43. e6 fxe6 44. h4 Rg2 45. Re7 Kf8 46. Rxe6 Kg7 47. g4 hxg4 48. fxg4 Ra2 49.
Re5 Ra4+ 50. Re4 Ra7 51. g5 Rb7 52. Ke5 Ra7 53. Rd4 Re7+ 54. Kd6 Re2 55. Kd7
Re1 1/2-1/2

[Event "Dortmund op-A"]
[Site "Dortmund"]
[Date "1992.??.??"]
[Round "2"]
[White "Onischuk, Alexander"]
[Black "Lputian, Smbat G"]
[Result "0-1"]
[WhiteElo "2370"]
[BlackElo "2560"]
[Annotator "Ftacnik,L"]
[PlyCount "94"]
[EventDate "1992.04.??"]
[EventType "swiss"]
[EventRounds "11"]
[EventCountry "GER"]
[SourceTitle "CBM 029"]
[Source "ChessBase"]
[SourceDate "1992.08.01"]
[SourceVersion "1"]
[SourceVersionDate "1992.08.01"]
[SourceQuality "1"]

1. c4 Nf6 2. Nc3 d5 3. cxd5 Nxd5 4. g3 e6 5. Bg2 Be7 6. d4 O-O 7. Nf3 c5 8. O-O
Nc6 9. Nxd5 exd5 10. dxc5 Bxc5 11. a3 Re8 12. b4 Bb6 13. Bb2 Bf5 14. Qd2 (14.
e3 Be4 15. Qb3 Qd7 16. Rad1 Rad8 17. Rd2 Qf5 18. Nh4 Qh5 $10 {Spassov,
L-Tukmakov,V/Plovdiv ETCh/1983/}) 14... Be4 15. Rad1 (15. Rfd1 Qe7 16. Bf1 Rad8
17. Qf4 d4 18. b5 Bxf3 19. exf3 Ne5 20. Kg2 Qc5 21. Rac1 Qd5 $15 {Boensch,
U-Chandler,M/Kesthely/1981/}) (15. e3 Qd7 16. Rac1 Qf5 17. Nd4 Bxd4 18. Bxd4
Bxg2 19. Kxg2 h5 $10 {Sunye_Neto,J-Paglilla,C/Buenos Aires/1990/}) 15... Qe7
16. Bc3 Rad8 17. e3 (17. Qb2 d4 18. Bxd4 Bxf3 19. Bxb6 Rxd1 20. Rxd1 Bxg2 21.
Bc5 Qe4 22. f3 Bxf3 (22... Qxe2 $6 23. Qxe2 Rxe2 24. b5 Bxf3 25. bxc6 Rg2+ 26.
Kf1 Bxd1 27. cxb7 Rb2 28. Bb4 $18) 23. exf3 Qxf3 $17) (17. b5 d4 18. Bb2 Ne5
$15) 17... a6 18. Qb2 f6 19. a4 Rc8 20. Qd2 (20. b5 axb5 21. axb5 Na5 $132)
20... Red8 21. b5 axb5 22. axb5 Ne5 23. Nxe5 (23. Bxe5 fxe5 24. Nh4 Bxg2 25.
Kxg2 Qe6 $15) 23... Bxg2 24. Kxg2 fxe5 25. Ba5 (25. Bb4 Qe6 $17) 25... Bxa5 26.
Qxa5 Qf7 27. Rd2 d4 28. exd4 (28. e4 Qb3 $15) 28... exd4 29. Rfd1 Qd5+ 30. Kg1
Rc4 31. Re2 h6 32. Re5 $6 (32. Red2 $17) 32... Qxe5 33. Qxd8+ Kh7 34. Qd7 Qe4
$1 35. b6 Qf3 36. Rf1 (36. Rxd4 $2 Rc1+) 36... d3 37. Qe6 Rc2 38. Qb3 (38. Qe3
$2 Qxe3 39. fxe3 d2 $19) 38... h5 39. h4 Re2 40. Qc3 (40. Qd1 d2 41. Qc2+ Qe4
42. Qd1 Kg6 $19) 40... Rc2 41. Qb3 Re2 42. Qc4 (42. Qc3 Qe4 43. Rd1 d2 $19)
42... d2 43. Qd4 Qe4 44. Qd6 Qc2 45. Qd5 Re1 46. Qxh5+ Kg8 47. Qd5+ Kh8 {
Ftacnik,L} (47... Kh8 48. Qh5+ Qh7 49. Qf3 Rxf1+ 50. Kxf1 Qb1+ 51. Kg2 d1=Q $19
) 0-1

[Event "Groningen op"]
[Site "Groningen"]
[Date "1990.??.??"]
[Round "2"]
[White "Petrosian, Arshak B"]
[Black "Luther, Thomas"]
[Result "1-0"]
[WhiteElo "2500"]
[BlackElo "2385"]
[Annotator "Ftacnik,L"]
[PlyCount "65"]
[EventDate "1990.??.??"]
[EventType "swiss"]
[EventRounds "9"]
[EventCountry "NED"]
[SourceTitle "CBM 022"]
[Source "ChessBase"]
[SourceDate "1991.06.01"]
[SourceVersion "1"]
[SourceVersionDate "1991.06.01"]
[SourceQuality "1"]

1. d4 e6 2. c4 Nf6 3. Nf3 d5 4. Nc3 c5 5. cxd5 Nxd5 6. e4 Nxc3 7. bxc3 cxd4 8.
cxd4 Nc6 9. Bc4 b5 10. Be2 Bb4+ 11. Bd2 Qa5 12. a4 Bxd2+ (12... bxa4 13. Rxa4
Bxd2+ 14. Nxd2 Qd8 15. d5 Ne7 16. Bb5+ $1 $16 {Geller,E-Mikhailchishin,A/
URS-ch/1985/}) 13. Qxd2 Qxd2+ 14. Kxd2 bxa4 15. Bb5 (15. Rxa4 $14 {
Mikhailchishin}) 15... Bd7 16. Bxa4 Ke7 $6 (16... O-O 17. d5 exd5 18. exd5 Nb8
19. Rhc1 $14) 17. d5 Nb4 (17... exd5 18. exd5 Nb4 19. Rhe1+ Kd6 20. Bxd7 Kxd7
21. Ne5+ $16) 18. Bxd7 Kxd7 19. Ne5+ Ke7 (19... Ke8 20. Rhb1 a5 21. Rxb4 $18)
20. d6+ $1 Kf6 21. Nd7+ Kg6 22. Rhc1 Rhd8 23. Rc7 f6 (23... a5 24. Ne5+ Kf6 25.
f4 Rxd6+ 26. Ke3 Rf8 27. Rxa5 $18) 24. Raxa7 Rxa7 25. Rxa7 Nc6 (25... e5 26.
Kc3 Nc6 27. Rc7 Nd4 28. Kc4 $18) 26. Rc7 Nd4 27. Rb7 Nb5 28. e5 $1 Kf5 (28...
fxe5 29. Nxe5+ Kf6 30. Rxb5 $18) 29. Nc5 Nd4 30. Rxg7 Kxe5 (30... fxe5 31. d7
$18) 31. d7 Nf5 32. Rxh7 Nd6 33. Re7 {Ftacnik,L} 1-0

[Event "EU-Cup 07th semifinal"]
[Site "Moscow"]
[Date "1990.??.??"]
[Round "4.1"]
[White "Sokolov, Andrei"]
[Black "Kharitonov, Andrei Y"]
[Result "1-0"]
[WhiteElo "2570"]
[BlackElo "2490"]
[Annotator "Ftacnik,L"]
[PlyCount "55"]
[EventDate "1990.09.??"]
[EventType "team-match"]
[EventRounds "2"]
[EventCountry "URS"]
[SourceTitle "EXT 2020"]
[Source "ChessBase"]
[SourceDate "2019.10.17"]
[SourceVersion "1"]
[SourceVersionDate "2019.10.17"]
[SourceQuality "1"]
[WhiteTeam "Moscow Tigran Petrosian"]
[BlackTeam "Moscow CSKA"]
[WhiteTeamCountry "RUS"]
[BlackTeamCountry "URS"]

1. e4 c6 2. c4 d5 3. exd5 cxd5 4. cxd5 Nf6 5. Nc3 Nxd5 6. Nf3 Nc6 7. d4 e6 8.
Bc4 Be7 9. O-O O-O 10. Re1 a6 11. Bb3 Nxc3 12. bxc3 b5 13. Bc2 Bb7 14. h4 Bf6 (
14... Bxh4 15. Nxh4 Qxh4 16. Re3 $40) 15. Ng5 g6 (15... h6 16. Qd3 g6 17. Nxe6
$1 fxe6 18. Qxg6+ Bg7 19. Bxh6 Qf6 20. Qh7+ Kf7 21. Bg5 Rh8 $16) 16. Qg4 Rc8
17. h5 Nxd4 18. hxg6 fxg6 (18... Nxc2 19. Qh5 $1 h6 20. Qxh6 $18) (18... hxg6
19. Qh4 Bxg5 20. Bxg5 f6 (20... Qd5 21. Be4) 21. Bxg6 Qe7 22. Bh6 $18) 19. Nxh7
$1 Nxc2 20. Qxg6+ Kh8 (20... Bg7 21. Ng5 Rf6 22. Qh7+ Kf8 23. Qxc2 $16) 21. Bg5
$1 Bxg5 (21... Qd5 22. Bxf6+ Rxf6 23. Nxf6 $18) (21... Nxe1 22. Nxf6 $18) 22.
Nxg5 Qd7 23. Rxe6 Rc6 (23... Nxa1 24. Qh6+ Kg8 25. Rg6+) 24. Qh5+ Kg8 25. Rd1
Qg7 26. Rdd6 Rxd6 27. Rxd6 Rf6 (27... Bxg2 28. Rg6) 28. Rd8+ {Ftacnik,L} (28.
Rd8+ Rf8 29. Rxf8+ Kxf8 30. Ne6+ $18) 1-0

[Event "Moscow4"]
[Site "Moscow"]
[Date "1992.??.??"]
[Round "?"]
[White "Baikov, Vladimir A"]
[Black "Gutop, Yuri V"]
[Result "1-0"]
[WhiteElo "2345"]
[BlackElo "2430"]
[Annotator "Ftacnik,L"]
[PlyCount "65"]
[EventDate "1992.??.??"]
[EventType "tourn"]
[EventRounds "11"]
[EventCountry "RUS"]
[EventCategory "7"]
[SourceTitle "CBM 030"]
[Source "ChessBase"]
[SourceDate "1992.10.01"]
[SourceVersion "1"]
[SourceVersionDate "1992.10.01"]
[SourceQuality "1"]

1. d4 Nf6 2. c4 e6 3. Nf3 d5 4. Nc3 c5 5. cxd5 Nxd5 6. e4 Nxc3 7. bxc3 cxd4 8.
cxd4 Nc6 9. Bc4 b5 10. Bd3 (10. Be2 Bb4+ 11. Bd2 Qa5 12. Bxb4 Qxb4+ 13. Qd2 Bb7
14. a3 Qxd2+ 15. Kxd2 a6 16. a4 b4 17. a5 Rd8 18. Ke3 f5 $132 {Portisch,
L-Pinter,J/Hungary ch/1984/}) 10... Bb4+ 11. Bd2 Qa5 (11... a6 12. Rc1 Bxd2+
13. Qxd2 Bb7 14. O-O O-O 15. d5 exd5 16. exd5 Ne7 17. d6 Nc8 18. Ng5 g6 19. d7
Nb6 20. Rfd1 Qxd7 21. Bxg6 hxg6 22. Qxd7 Nxd7 23. Rxd7 $10 {Browne,W-Pinter,J/
Las Palmas izt/1982/}) 12. a3 Bxd2+ 13. Qxd2 a6 (13... Qxd2+ 14. Kxd2 a6 15. a4
$14) 14. a4 b4 15. O-O O-O 16. d5 $1 exd5 17. exd5 Ne7 18. d6 Nf5 (18... Nc6
19. Qc2 $16) 19. Be4 Rb8 (19... Ra7 20. Rfb1 Rd8 21. Bxf5 Bxf5 22. Qxb4 Qxb4
23. Rxb4 $16) 20. d7 Bb7 21. Bxb7 Rxb7 22. Rfe1 Qc7 (22... Qd8 23. Ne5 $16) 23.
Ne5 (23. Rad1 Rbb8) 23... Ne7 (23... b3 24. Rac1 Qd8 25. Qd5 $18) 24. Rad1 Qd8
(24... Rd8 25. Nc6 $1 Qxc6 26. Rxe7 $18) 25. Nc4 Rb8 (25... b3 26. Rxe7 Qxe7
27. d8=Q $18) 26. Qd6 Ng6 (26... Nf5 27. Qe5 g6 28. Na5 $18) 27. Na5 $1 Qxa5
28. Qxb8 Rxb8 29. Re8+ Rxe8 30. dxe8=Q+ Nf8 31. Rd8 Qc5 32. Rc8 Qd6 33. Qd8 {
Ftacnik,L} (33. Qd8 Qxd8 34. Rxd8 g6 35. Kf1 $18) 1-0